000
00265nam a2200085Ia 4500
245
0
_a
Defiant Images : Photography and Apartheid South Africa
100
_a
Newbury, Darren Pretoria, [c.2009]
_9
85539
942
_c
BK
008
210817s9999 xx 000 0 und d
999
_c
320100
_d
320099